000 00363nam a2200133Ia 4500
008 240624s9999 xx 000 0 und d
041 _aeng
082 _a658.3124 ROS
100 _aROSENBERG MARC J
245 _aE LEARNING STRATEGIES FOR DELIVERING KNO
260 _c2001
_aNew Delhi
_bTata McGraw-Hill
300 _axxiii, : 343 : p. : cm. ; 23
365 _c
_b30
999 _c26821
_d26821